|
|
|
|
| LEADER |
00000nam0a2200000 4500 |
| 001 |
262285 |
| 005 |
20231101233635.0 |
| 010 |
|
|
|a 5283037541
|
| 035 |
|
|
|a (RuTPU)RU\TPU\book\285267
|
| 090 |
|
|
|a 262285
|
| 100 |
|
|
|a 20140530d1988 k y0rusy50 ca
|
| 101 |
0 |
|
|a rus
|
| 102 |
|
|
|a RU
|
| 105 |
|
|
|a a z 001zy
|
| 200 |
1 |
|
|a Гелий в реакторных материалах
|f А. Г. Залужный, Ю. Н. Сокурский, В. Н. Тебус
|
| 210 |
|
|
|a Москва
|c Энергоатомиздат
|d 1988
|
| 215 |
|
|
|a 224 с.
|c ил.
|
| 320 |
|
|
|a Библиогр.: с. 216-222.
|
| 606 |
1 |
|
|a Ядерные реакторы
|2 stltpush
|3 (RuTPU)RU\TPU\subj\21711
|9 46573
|
| 610 |
1 |
|
|a гелий
|
| 610 |
1 |
|
|a реакторные материалы
|
| 610 |
1 |
|
|a ядерные реакции
|
| 610 |
1 |
|
|a облучение
|
| 610 |
1 |
|
|a кристаллическая решетка
|
| 610 |
1 |
|
|a плотность
|
| 610 |
1 |
|
|a давление
|
| 610 |
1 |
|
|a пузырьки
|
| 610 |
1 |
|
|a диффузия
|
| 675 |
|
|
|a 621.039.534.3
|v 3
|
| 700 |
|
1 |
|a Залужный
|b А. Г.
|g Александр Георгиевич
|
| 701 |
|
1 |
|a Сокурский
|b Ю. Н.
|g Юрий Николаевич
|
| 701 |
|
1 |
|a Тебус
|b В. Н.
|g Виталий Николаевич
|
| 801 |
|
1 |
|a RU
|b 63413507
|c 20140530
|
| 801 |
|
2 |
|a RU
|b 63413507
|c 20220526
|g RCR
|
| 942 |
|
|
|c BK
|